000 00383 a2200157 4500
001 165243
020 _a
040 _cMagnum
100 _aRibeiro, João Ubaldo
240 1 0 _aPolitica: quem manda, por que manda, como manda.
_lpor
245 1 0 _aPolitica: quem manda, por que manda, como manda.
362 0 _a1899
440 1 _aNova Fronteira
697 _aGERAL
942 _cBK
999 _c165243
_d165243